| 000 | 01107nam a2200301 a 4500 | ||
|---|---|---|---|
| 001 | 000023604 | ||
| 005 | 20200930022337.0 | ||
| 008 | 101215s1973 sp r 000 0 spa d | ||
| 020 | _a8432301159 | ||
| 040 |
_aDO-SdBNP _bspa _cBNPHU |
||
| 041 | 1 | 7 |
_aspa _heng _2Código de idioma MARC |
| 082 |
_a291.37 _bD733p |
||
| 100 | 1 |
_aDouglas, Mary _948643 |
|
| 240 | 1 | 0 |
_aPurity and danger: an analysis of concepts of pollution and taboo. _lEspañol |
| 245 | 1 | 0 |
_aPureza y peligro : _bun análisis de los conceptos de contaminación y tabú / _cMary Douglas ; traducción Edison Simons. |
| 260 |
_aMadrid : _bSiglo Veintiuno de España Editores, _c1973. |
||
| 300 |
_a243, [4] p. ; _c18 cm. |
||
| 490 | 1 | _aAntropología | |
| 534 |
_aTítulo original: _tPurity and danger: an analysis of concepts of pollution and taboo. |
||
| 500 | _aBibliografía: p. 239-243 | ||
| 650 | 4 |
_aSimbolismo _915598 |
|
| 650 | 4 |
_aRitual de purificación _948644 |
|
| 650 | 4 |
_aTabú _948645 |
|
| 650 | 4 |
_aSociedades primitivas _95535 |
|
| 700 | 1 |
_aSimons, Edison, _etr. _948646 |
|
| 830 | 0 |
_aAntropología _918556 |
|
| 049 | _aBNGR | ||
| 999 |
_c23100 _d23100 |
||